| 000 | 01355cam a2200277 4500 | ||
|---|---|---|---|
| 001 | 7756 | ||
| 005 | 20181127184309.0 | ||
| 008 | 130813s2013 ii ab b 000 0 eng | ||
| 010 | _a 2013031161 | ||
| 020 | _a9788132113096 (hardback : alk. paper) | ||
| 082 | 0 | 0 |
_a307.76/80954/2 _223 |
| 100 | 1 | _aVasudevan, Vandana. | |
| 245 | 1 | 0 |
_aUrban villager : _blife in an Indian satellite town / _cVandana Vasudevan. |
| 264 | 1 |
_aNew Delhi : _bSAGE, _c[2013] |
|
| 300 |
_ax, 278 pages ; _billustrations, maps: _c23 cm |
||
| 336 |
_atext _2rdacontent |
||
| 337 |
_aunmediated _2rdamedia |
||
| 338 |
_avolume _2rdacarrier |
||
| 504 | _aIncludes bibliographical references. | ||
| 505 |
_aPart 1. Whose land is it anyway? -- part 2. The impact of acquisition -- part 3. New owners of an old land -- part 4. The schizophrenia of the peri-urban town -- part 5. Growth pangs of young towns. _g _r _t |
||
| 520 | _aPresents a detailed representation of the life of an 'urban villager' in a modern satellite town of India. This title describes how Delhi, as a city, is growing radially, stretching its way into the rural fringes of Haryana and Uttar Pradesh that border the city to form the National Capital Region. | ||
| 650 | 0 |
_aCountry life _zIndia _zNoida. |
|
| 650 | 0 |
_aNew towns _zIndia _zNoida. |
|
| 650 | 0 |
_aUrbanization _zIndia _zNoida. |
|
| 651 | 0 | _aNoida (India) | |
| 999 |
_c6655 _d6655 |
||